000 00750nam a2200229 i 4500
001 21112
003 ES-MaACL
005 20240823063039.0
007 t|
008 021121s1916 fr ||||1| fre d
100 1 _aAchard, Charles,
_d1860-1944
_9155057
245 1 0 _aPrécis d'Anatomie Pathologique /
_cpar Ch. Achard et M. Loeper.
250 _a2e éd.
260 _aParis :
_bJ.B. Baillière,
_c[1916] (
_eCorbeil :
_fCrété)
300 _aXV, 632 p. :
_bil. ;
_c20 cm.
490 1 _aBibliothèque de doctorat en médicine
650 0 4 _aAnatomía patológica.
_99806
700 1 _aLoeper, M.
_973098
830 0 _aBibliothèque de doctorat en médicine
_9228946
852 _aES-MaACL
_jB-11970
999 _c21112
_d21112